000 00903nma a22002177a 4500
003 NALT
005 20251223135351.0
006 g q ||
007 ca mgaaaaaa
008 s2558 h tha d
040 _a์NALT
041 _atha
090 _aCD 2488
245 1 0 _a10 years on :
_bremembering the Indian Ocean Tsunami 2004-2014 /
_cกรมองค์การระหว่างประเทศ กระทรวงการต่างประเทศ.
260 _aกรุงเทพฯ :
_bกรมองค์การระหว่างประเทศ กระทรวงการต่างประเทศ,
_c2558
300 _a1 CD - ROM :
_bสี., เสียง.
_c4 3/4 นิ้ว.
650 4 _aสึนามิ
_925494
650 4 _aภัยพิบัติ
_zไทย
_919147
850 _aNALT
942 _cCD
_2local
999 _c74536
_d74536
998 _j104
_k นางสาวสายฝน ดีงาม